Statistics for Cities by Religion

Click here to take the quiz!

General Stats

  • This quiz has been taken 103 times
  • The average score is 9 of 16

Answer Stats

Religion City % Correct
Eastern OrthodoxMoscow
85%
JudaismNew York City
82%
HinduismDelhi
82%
ProtestantismNew York City
79%
ShintoTokyo
79%
MormonismSalt Lake City
74%
IslamJakarta
73%
RastafariKingston
72%
ScientologyLos Angeles
69%
BuddhismBangkok
64%
CatholicismManila
49%
JainismMumbai
32%
Cao DaiHo Chi Minh City
25%
Unification movementSeoul
22%
ZoroastrianismMumbai
17%
Baha'iDelhi
13%

Score Distribution

Percentile by Number Answered

Percent of People with Each Score

Your Score History

You have not taken this quiz